Every City in the Orlando Metro Area on a Map - Statistics

General Stats
  • This quiz has been taken 74 times
  • The average score is 20 of 101
Answers on the Map
Answers color-coded by a green-red scale on the quiz's map according to % correct below.
 
Answer Stats
City County Population % Correct
Orlando Orange 307,763
85%
Kissimmee Osceola 79,229
78%
Apopka Orange 54,904
68%
Winter Park Orange 29,805
61%
Altamonte Springs Seminole 46,259
59%
Sanford Seminole 61,084
59%
Winter Garden Orange 47,390
54%
St. Cloud Osceola 58,963
46%
Clermont Lake 43,028
41%
Ocoee Orange 47,362
39%
Oviedo Seminole 40,062
39%
Pine Hills Orange 66,111
39%
Winter Springs Seminole 38,330
39%
Alafaya Orange 92,452
37%
Lake Buena Vista Orange 26
37%
Lake Mary Seminole 16,827
37%
Celebration Osceola 11,178
32%
Four Corners Osceola / Lake / Orange 56,381
32%
Maitland Orange 19,537
32%
Windermere Orange 3,029
32%
Horizon West Orange 58,101
29%
Mount Dora Lake 16,335
29%
Poinciana Osceola 74,500
29%
Christmas Orange 2,439
27%
Doctor Phillips Orange 12,328
27%
Hunters Creek Orange 24,433
27%
Leesburg Lake 26,998
27%
Longwood Seminole 15,095
24%
University Orange 45,284
24%
Bay Lake Orange 24
22%
Bithlo Orange 9,848
22%
Casselberry Seminole 28,782
22%
Meadow Woods Orange 43,790
22%
Conway Orange 13,596
20%
Eustis Lake 23,198
20%
Gotha Orange 2,217
20%
Minneola Lake 13,851
20%
Oakland Orange 3,550
20%
Oak Ridge Orange 25,062
20%
Orlovista Orange 6,806
20%
Tavares Lake 19,001
20%
Williamsburg Orange 7,908
20%
Azalea Park Orange 14,141
17%
Buenaventura Lakes Osceola 30,251
17%
Edgewood Orange 2,679
17%
Goldenrod Seminole / Orange 13,431
17%
South Apopka Orange 6,803
17%
Bay Hill Orange 5,021
15%
Forest City Seminole 14,623
15%
Groveland Lake 18,513
15%
Lockhart Orange 14,058
15%
Tildenville Orange 475
15%
Union Park Orange 10,452
15%
Wedgefield Orange 8,017
15%
Wekiwa Springs Seminole 23,428
15%
Belle Isle Orange 7,032
12%
Clarcona Orange 3,283
12%
Eatonville Orange 2,347
12%
Lake Butler Orange 18,851
12%
Lake Mary Jane Orange 1,790
12%
Southchase Orange 16,276
12%
Tangelo Park Orange 2,459
12%
Zellwood Orange 2,758
12%
Campbell Osceola 2,610
10%
Fairview Shores Orange 10,722
10%
Fruitland Park Lake 8,335
10%
Geneva Seminole 2,913
10%
Holden Heights Orange 4,097
10%
Lady Lake Lake 15,977
10%
Montverde Lake 1,656
10%
Mount Plymouth Lake 4,417
10%
Pine Castle Orange 11,122
10%
Rio Pinar Orange 5,409
10%
Sky Lake Orange 7,226
10%
Tangerine Orange 3,237
10%
Umatilla Lake 3,740
10%
Astatula Lake 1,890
7%
Fern Park Seminole 8,205
7%
Howey-in-the-Hills Lake 1,642
7%
Lake Hart Orange 1,052
7%
Mascotte Lake 6,599
7%
Paradise Heights Orange 1,260
7%
Taft Orange 2,221
7%
Yeehaw Junction Osceola 235
7%
Altoona Lake 98
5%
Black Hammock Seminole 1,195
5%
Chuluota Seminole 2,524
5%
Ferndale Lake 548
5%
Heathrow Seminole 6,806
5%
Lisbon Lake 229
5%
Midway Seminole 1,524
5%
Paisley Lake 980
5%
Pine Lakes Lake 818
5%
Silver Lake Lake 2,101
5%
Sorrento Lake 845
5%
Yalaha Lake 1,505
5%
Astor Lake 1,759
2%
Lake Kathryn Lake 990
2%
Lake Mack-Forest Hills Lake 992
2%
Okahumpka Lake 240
2%
Pittman Lake 227
2%
No matching quizzes found
Score Distribution
Percent of People with Each Score
Percentile by Number Answered
Your Score History
You have not taken this quiz